|
|
|
|
| LEADER |
01281nam a2200325 a 4500 |
| 001 |
000557558 |
| 003 |
CZ BrMZK |
| 005 |
20080403094256.0 |
| 007 |
ta |
| 008 |
010907s1992 xr f cze d |
| 015 |
|
|
|a cnb000071575
|
| 035 |
|
|
|a (OCoLC)85685981
|
| 040 |
|
|
|a BOA001
|b cze
|
| 080 |
9 |
|
|a 51(075.8):378.662
|
| 100 |
1 |
|
|a Burýšková, Věra,
|d 1937-
|7 ntka172139
|4 aut
|
| 245 |
1 |
0 |
|a Matematika III :
|b doplňkové skriptum /
|c Věra Burýšková, Alexandr Fischer
|
| 250 |
|
|
|a 1. vyd.
|
| 260 |
|
|
|a Praha :
|b České vysoké učení technické,
|c 1992
|
| 300 |
|
|
|a 64 s.
|
| 490 |
1 |
|
|a Učební texty vysokých škol
|
| 504 |
|
|
|a Obsahuje bibliografii
|
| 700 |
1 |
|
|a Fischer, Alexandr,
|d 1933-
|7 ntka172386
|4 aut
|
| 810 |
2 |
|
|a České vysoké učení technické v Praze.
|t Učební texty
|0 s
|
| 856 |
4 |
1 |
|u http://www.digitalniknihovna.cz/mzk/uuid/uuid:04301db0-830a-11e2-b238-005056827e52
|y Digitalizovaný dokument
|x NDK
|
| 910 |
|
|
|a BOA001
|b 4-0979.970
|b TK-A-0250.135
|
| 920 |
|
|
|a 000171317
|
| 964 |
|
|
|a Matematika - učebnice - školy vysoké
|
| 990 |
|
|
|a BK
|
| 996 |
7 |
|
|b 2619706287
|c 4-0979.970
|l MZK
|r Sklad / do 1 hodiny
|n 4
|w 000557558
|u 000010
|a 1
|e BOA001
|j MZK50
|s A
|
| 996 |
7 |
|
|b 2629988069
|c TK-A-0250.135
|l MZK
|r Sklad / do 24 hodin
|n 1
|w 000557558
|u 000020
|a 1
|e BOA001
|j MZK50
|s A
|